[Event "33rd Capablanca Memorial"]
[Site "Havana CUB"]
[Date "1998.05.13"]
[Round "5"]
[White "Vera Gonzalez, Reynaldo"]
[Black "Zilberman, Yaacov"]
[Result "1/2-1/2"]
[WhiteElo "2535"]
[BlackElo "2555"]
[EventDate "1998.05.07"]
[PlyCount "32"]

1.d4 d6 2.e4 Nf6 3.Nc3 g6 4.Bg5 Bg7 5.Qd2 h6 6.Bh4 g5 7.Bg3 Nh5 8.Bc4 e6 
9.Nge2 a6 10.Bb3 Nd7 11.h4 Nxg3 12.Nxg3 gxh4 13.Nh5 Bf8 14.f4 Nf6 15.Nxf6+
Qxf6 16.O-O-O Bd7 1/2-1/2

[Event "33rd Capablanca Memorial"]
[Site "Havana CUB"]
[Date "1998.05.07"]
[Round "1"]
[White "Huebner, Robert"]
[Black "Vera Gonzalez, Reynaldo"]
[Result "1-0"]
[WhiteElo "2560"]
[BlackElo "2535"]
[EventDate "1998.05.07"]
[PlyCount "103"]

1.d4 d5 2.Nf3 c6 3.Bg5 Bg4 4.Nbd2 Nd7 5.h3 Bxf3 6.Nxf3 Ngf6 7.e3 e6 8.Bd3 
Bd6 9.Bf4 Qb8 10.Bxd6 Qxd6 11.O-O e5 12.dxe5 Nxe5 13.Nxe5 Qxe5 14.c3 O-O 
15.Qb3 Qe7 16.c4 Rfd8 17.Rad1 g6 18.cxd5 Nxd5 19.Bb1 a5 20.a3 a4 21.Qc2 
Nb6 22.Ba2 Rxd1 23.Rxd1 Rd8 24.Rxd8+ Qxd8 25.f4 Nd5 26.Bxd5 Qxd5 27.Qxa4 
Qd2 28.Qb3 Qe1+ 29.Kh2 h5 30.Qxb7 h4 31.Qb8+ Kh7 32.f5 Qxe3 33.fxg6+ fxg6 
34.a4 c5 35.a5 Qe2 36.Qc7+ Kh6 37.Qf4+ Kg7 38.Qxh4 Qxb2 39.Qe7+ Kh6 40.
Qf8+ Kh7 41.Qxc5 Qb8+ 42.Kg1 Qb1+ 43.Kf2 Qb2+ 44.Kg3 Qb3+ 45.Kh4 Qa4+ 46.
Kg5 Qd7 47.Kf6 Qg7+ 48.Ke6 Qg8+ 49.Kd7 Qa8 50.g3 Qb7+ 51.Qc7 Qd5+ 52.Ke7 
1-0

[Event "33rd Capablanca Memorial"]
[Site "Havana CUB"]
[Date "1998.05.07"]
[Round "1"]
[White "Nogueiras Santiago, Jesus"]
[Black "Agdestein, Simen"]
[Result "1/2-1/2"]
[WhiteElo "2520"]
[BlackElo "2570"]
[EventDate "1998.05.07"]
[PlyCount "38"]

1.Nf3 d5 2.d4 Nf6 3.c4 c6 4.Nc3 dxc4 5.a4 Bf5 6.Ne5 e6 7.f3 Bb4 8.e4 Bg6 
9.Bxc4 Nbd7 10.Nd3 Ba5 11.Be3 Bb6 12.Qe2 O-O 13.O-O a5 14.Rfd1 Qb8 15.Bf2 
Qa7 16.Nf4 e5 17.dxe5 Nxe5 18.Ba2 Rfd8 19.Nh3 h6 1/2-1/2

[Event "33rd Capablanca Memorial"]
[Site "Havana CUB"]
[Date "1998.05.08"]
[Round "2"]
[White "Bischoff, Klaus"]
[Black "Borges Matos, Juan"]
[Result "1-0"]
[WhiteElo "2545"]
[BlackElo "2480"]
[EventDate "1998.05.07"]
[PlyCount "99"]

1.c4 c5 2.Nf3 g6 3.d4 cxd4 4.Nxd4 Nc6 5.e4 Bg7 6.Be3 Nf6 7.Nc3 O-O 8.Be2 
d6 9.O-O Bd7 10.Qd2 a6 11.f3 Qb8 12.Nb3 Ne5 13.Bb6 Rc8 14.Nd5 Nxd5 15.cxd5
Ba4 16.Be3 Bb5 17.Rfc1 Bxe2 18.Qxe2 b5 19.Nd4 Nc4 20.Bf2 Qb7 21.b3 Na3 22.
Qd2 b4 23.Rxc8+ Rxc8 24.Rc1 Bxd4 25.Bxd4 Nb5 26.Be3 a5 27.h4 f6 28.Rc2 Kf7
29.Qc1 Rc3 30.Rxc3 Nxc3 31.Qc2 Qb5 32.Kf2 e5 33.dxe6+ Kxe6 34.Bd4 d5 35.
exd5+ Nxd5 36.Qc8+ Kf7 37.Qh8 Qd3 38.Qxh7+ Ke6 39.Qg8+ Kd6 40.Qd8+ Ke6 41.
Qc8+ Kf7 42.Qc4 Qd2+ 43.Kg3 Qe1+ 44.Bf2 Qd2 45.Qd4 Qxd4 46.Bxd4 Nc3 47.Kf2
Nxa2 48.Bb2 Ke6 49.Ke3 Kd5 50.g4 1-0

[Event "33rd Capablanca Memorial"]
[Site "Havana CUB"]
[Date "1998.05.10"]
[Round "3"]
[White "Arencibia Rodriguez, Walter"]
[Black "Vera Gonzalez, Reynaldo"]
[Result "1/2-1/2"]
[WhiteElo "2535"]
[BlackElo "2535"]
[EventDate "1998.05.07"]
[PlyCount "65"]

1.d4 d5 2.c4 e6 3.Nf3 Nf6 4.Bg5 dxc4 5.Qa4+ Nbd7 6.Nbd2 a6 7.Qxc4 c5 8.e4 
cxd4 9.e5 h6 10.Bh4 g5 11.exf6 gxh4 12.Qxd4 Qxf6 13.Qxf6 Nxf6 14.Nxh4 Bd7 
15.Rc1 Bc6 16.Nhf3 Rd8 17.a3 h5 18.Ne5 Bh6 19.Rc2 Ba4 20.b3 Bxd2+ 21.Rxd2 
Rxd2 22.Kxd2 Bxb3 23.Bxa6 bxa6 24.Rb1 Ne4+ 25.Ke3 Nc5 26.Kd4 Ke7 27.Kxc5 
Bd5 28.Rb6 Rc8+ 29.Nc6+ Bxc6 30.Rxc6 Rd8 31.Rxa6 Rd2 32.Ra8 Rxf2 33.Rg8 
1/2-1/2

[Event "33rd Capablanca Memorial"]
[Site "Havana CUB"]
[Date "1998.05.10"]
[Round "3"]
[White "Borges Matos, Juan"]
[Black "Agdestein, Simen"]
[Result "1-0"]
[WhiteElo "2480"]
[BlackElo "2570"]
[EventDate "1998.05.07"]
[PlyCount "73"]

1.d4 e6 2.c4 f5 3.g3 Nf6 4.Bg2 d5 5.Nf3 Bd6 6.O-O c6 7.Qc2 O-O 8.Bf4 Bxf4 
9.gxf4 Bd7 10.Nbd2 Be8 11.e3 Ne4 12.Qb3 Qb6 13.Nxe4 fxe4 14.Ne5 Bh5 15.f3 
exf3 16.Bxf3 Bxf3 17.Rxf3 Qxb3 18.axb3 Rd8 19.f5 exf5 20.Rxf5 Nd7 21.Nxd7 
Rxd7 22.cxd5 cxd5 23.Ra5 Re8 24.Kf2 Rc7 25.Raxd5 Rc2+ 26.Kf3 Rxb2 27.Rb5 
b6 28.h3 Rh2 29.Rbe5 Rxh3+ 30.Ke4 Rh4+ 31.Kd3 Rf8 32.d5 Rd8 33.e4 Rh3+ 34.
Kc4 b5+ 35.Kb4 a5+ 36.Kxa5 Rxb3 37.Re7 1-0

[Event "33rd Capablanca Memorial"]
[Site "Havana CUB"]
[Date "1998.05.10"]
[Round "3"]
[White "Huebner, Robert"]
[Black "Bischoff, Klaus"]
[Result "1/2-1/2"]
[WhiteElo "2560"]
[BlackElo "2545"]
[EventDate "1998.05.07"]
[PlyCount "39"]

1.d4 Nf6 2.Nf3 e6 3.g3 b5 4.Bg5 Bb7 5.Bg2 Be7 6.Bxf6 Bxf6 7.c3 Be7 8.O-O 
a6 9.Nbd2 d5 10.a4 Nd7 11.axb5 axb5 12.Qb3 Bc6 13.Qc2 O-O 14.Nb3 Rxa1 15.
Rxa1 Ba8 16.Ne1 c5 17.dxc5 Nxc5 18.Nxc5 Bxc5 19.Nd3 Bd6 20.e3 1/2-1/2

[Event "33rd Capablanca Memorial"]
[Site "Havana CUB"]
[Date "1998.05.11"]
[Round "4"]
[White "Morovic Fernandez, Ivan"]
[Black "Vera Gonzalez, Reynaldo"]
[Result "1/2-1/2"]
[WhiteElo "2600"]
[BlackElo "2535"]
[EventDate "1998.05.07"]
[PlyCount "35"]

1.d4 Nf6 2.c4 e6 3.Nf3 c5 4.d5 d6 5.Nc3 exd5 6.cxd5 g6 7.h3 Bg7 8.e4 O-O 
9.Bd3 b5 10.Bxb5 Nxe4 11.Nxe4 Qa5+ 12.Nfd2 Qxb5 13.Nxd6 Qa6 14.N2c4 Nd7 
15.O-O Nb6 16.Nxb6 Qxb6 17.Nc4 Qa6 18.Ne3 1/2-1/2

[Event "33rd Capablanca Memorial"]
[Site "Havana CUB"]
[Date "1998.05.11"]
[Round "4"]
[White "Zilberman, Yaacov"]
[Black "Arencibia Rodriguez, Walter"]
[Result "1/2-1/2"]
[WhiteElo "2555"]
[BlackElo "2535"]
[EventDate "1998.05.07"]
[PlyCount "59"]

1.d4 d5 2.Nf3 e6 3.c4 dxc4 4.e3 Nf6 5.Bxc4 c5 6.O-O a6 7.dxc5 Bxc5 8.Qxd8+
Kxd8 9.b3 Nbd7 10.Bb2 Ke7 11.Nbd2 b6 12.Be2 Bb7 13.a3 Rhc8 14.Rfd1 Ke8 15.
Rac1 Bf8 16.Kf1 Rxc1 17.Rxc1 Rc8 18.Rxc8+ Bxc8 19.Nd4 Bb7 20.f3 Nd5 21.Kf2
e5 22.Nc2 b5 23.b4 f6 24.e4 Nf4 25.Bf1 Nb6 26.g3 Ne6 27.Nb3 Bc8 28.Bc1 Nd8
29.Be3 Na4 30.Ke1 1/2-1/2

[Event "33rd Capablanca Memorial"]
[Site "Havana CUB"]
[Date "1998.05.14"]
[Round "6"]
[White "Bischoff, Klaus"]
[Black "Vera Gonzalez, Reynaldo"]
[Result "1-0"]
[WhiteElo "2545"]
[BlackElo "2535"]
[EventDate "1998.05.07"]
[PlyCount "77"]

1.c4 e6 2.g3 d5 3.Bg2 Nf6 4.Nf3 c5 5.O-O Nc6 6.cxd5 exd5 7.d4 Be7 8.Nc3 
O-O 9.Bg5 cxd4 10.Nxd4 h6 11.Be3 Bg4 12.f3 Bd7 13.Bf2 Re8 14.Rc1 Bf8 15.
Nb3 Bf5 16.Nb5 Rc8 17.N5d4 Qd7 18.Qd2 Bg6 19.Nxc6 Rxc6 20.Rxc6 Qxc6 21.Ra1
a6 22.Bh3 Nh7 23.Nd4 Qd6 24.Rc1 Ng5 25.Bc8 Qb8 26.Qc3 Bd6 27.Bd7 Re7 28.
Qc8+ Kh7 29.Qxb8 Bxb8 30.Ba4 Ba7 31.Kf1 Bb8 32.Rc5 Bb1 33.Bb3 Ba7 34.Rxd5 
Rc7 35.h4 Rc1+ 36.Kg2 Ne6 37.Nxe6 fxe6 38.Rd7 Bxf2 39.Kxf2 1-0

[Event "33rd Capablanca Memorial"]
[Site "Havana CUB"]
[Date "1998.05.16"]
[Round "7"]
[White "Borges Matos, Juan"]
[Black "Morovic Fernandez, Ivan"]
[Result "1/2-1/2"]
[WhiteElo "2480"]
[BlackElo "2600"]
[EventDate "1998.05.07"]
[PlyCount "39"]

1.d4 d5 2.c4 c6 3.Nf3 Nf6 4.Nc3 e6 5.Bg5 h6 6.Bxf6 Qxf6 7.e3 Nd7 8.Bd3 
dxc4 9.Bxc4 g6 10.O-O Bg7 11.Qc2 O-O 12.Rad1 b6 13.Be2 Bb7 14.Nd2 Qe7 15.
Bf3 Rac8 16.Nc4 Rfd8 17.a3 Ba6 18.Qa4 Bxc4 19.Qxc4 c5 20.Qa4 1/2-1/2

[Event "33rd Capablanca Memorial"]
[Site "Havana CUB"]
[Date "1998.05.16"]
[Round "7"]
[White "Vera Gonzalez, Reynaldo"]
[Black "Agdestein, Simen"]
[Result "1/2-1/2"]
[WhiteElo "2535"]
[BlackElo "2570"]
[EventDate "1998.05.07"]
[PlyCount "48"]

1.d4 e6 2.g3 c5 3.Nf3 b5 4.Bg2 Bb7 5.c3 h6 6.Qd3 Qb6 7.O-O Nf6 8.Nbd2 cxd4
9.Nxd4 Bxg2 10.Kxg2 a6 11.Qf3 d5 12.e4 Nc6 13.Nxc6 Qxc6 14.Re1 Be7 15.exd5
Nxd5 16.Nf1 Bc5 17.Be3 Nxe3+ 18.Nxe3 Qxf3+ 19.Kxf3 O-O-O 20.Red1 f5 21.a4 
Kc7 22.axb5 axb5 23.h4 g5 24.hxg5 hxg5 1/2-1/2

[Event "33rd Capablanca Memorial"]
[Site "Havana CUB"]
[Date "1998.05.17"]
[Round "8"]
[White "Borges Matos, Juan"]
[Black "Huebner, Robert"]
[Result "1/2-1/2"]
[WhiteElo "2480"]
[BlackElo "2560"]
[EventDate "1998.05.07"]
[PlyCount "97"]

1.d4 Nf6 2.c4 e6 3.Nf3 b6 4.g3 Ba6 5.Qa4 Bb7 6.Bg2 c5 7.dxc5 bxc5 8.Nc3 
Be7 9.O-O O-O 10.Rd1 Qb6 11.Bf4 Rd8 12.Rd2 Bc6 13.Qc2 Qb7 14.Rad1 h6 15.
Bd6 Bxd6 16.Rxd6 Na6 17.Ne1 Bxg2 18.Nxg2 Rab8 19.Ne1 Nc7 20.b3 Nce8 21.
R6d2 d5 22.cxd5 exd5 23.Qf5 Nc7 24.e4 d4 25.e5 Nfd5 26.Ne4 Ne6 27.Rc1 Nc3 
28.Nd6 Qe7 29.h4 f6 30.Nc4 fxe5 31.Qxe5 Rbc8 32.Nd3 Rd5 33.Qe1 Qf6 34.Qf1 
Qf5 35.Qg2 Re8 36.Re1 Nc7 37.Rxe8+ Nxe8 38.Nf4 Rd8 39.Qb7 Nf6 40.Qxa7 Nfe4
41.Qb6 Rf8 42.Rb2 Nd1 43.Re2 d3 44.Nxd3 Qg4 45.Nf4 Rxf4 46.Ne5 Qxe2 47.
Qe6+ Kh7 48.Qg6+ Kg8 49.Qe6+ 1/2-1/2

[Event "33rd Capablanca Memorial"]
[Site "Havana CUB"]
[Date "1998.05.17"]
[Round "8"]
[White "Morovic Fernandez, Ivan"]
[Black "Bischoff, Klaus"]
[Result "1/2-1/2"]
[WhiteElo "2600"]
[BlackElo "2545"]
[EventDate "1998.05.07"]
[PlyCount "83"]

1.d4 e6 2.c4 Nf6 3.Nf3 b6 4.g3 Bb4+ 5.Bd2 Be7 6.Nc3 Bb7 7.Bg2 c6 8.e4 d5 
9.cxd5 cxd5 10.e5 Ne4 11.O-O O-O 12.Re1 Nxc3 13.bxc3 Ba6 14.Qb1 Nd7 15.h4 
Re8 16.Ng5 Nf8 17.f4 Qd7 18.Bh3 g6 19.g4 Bxg5 20.hxg5 Qa4 21.Re3 Rac8 22.
f5 Re7 23.Qe1 exf5 24.gxf5 gxf5 25.Bxf5 Rc6 26.Qh4 Bc8 27.Bd3 Ng6 28.Qh5 
Rec7 29.Qf3 Be6 30.Qf2 b5 31.Rf3 a5 32.Rf1 b4 33.cxb4 axb4 34.Rf6 Kg7 35.
Bxg6 hxg6 36.Rxg6+ Kxg6 37.Qf6+ Kh7 38.g6+ fxg6 39.Qh4+ Kg8 40.Qd8+ Kh7 
41.Qh4+ Kg8 42.Qd8+ 1/2-1/2

[Event "33rd Capablanca Memorial"]
[Site "Havana CUB"]
[Date "1998.05.19"]
[Round "9"]
[White "Vera Gonzalez, Reynaldo"]
[Black "Nogueiras Santiago, Jesus"]
[Result "1/2-1/2"]
[WhiteElo "2535"]
[BlackElo "2520"]
[EventDate "1998.05.07"]
[PlyCount "42"]

1.e4 e5 2.Nf3 Nc6 3.Bb5 Nf6 4.O-O Nxe4 5.d4 Nd6 6.Bxc6 dxc6 7.dxe5 Nf5 8.
Qxd8+ Kxd8 9.b3 Be7 10.Bb2 h5 11.Nc3 Be6 12.Ne2 Ke8 13.Nfd4 c5 14.Nxe6 
fxe6 15.Rad1 Kf7 16.Ng3 g6 17.Rd7 Rhc8 18.Ne4 Ke8 19.Rd2 Rd8 20.Rfd1 Rxd2 
21.Rxd2 Rd8 1/2-1/2

[Event "33rd Capablanca Memorial"]
[Site "Havana CUB"]
[Date "1998.05.20"]
[Round "10"]
[White "Borges Matos, Juan"]
[Black "Arencibia Rodriguez, Walter"]
[Result "0-1"]
[WhiteElo "2480"]
[BlackElo "2535"]
[EventDate "1998.05.07"]
[PlyCount "64"]

1.c4 b6 2.Nc3 Bb7 3.e4 e6 4.d4 Bb4 5.f3 Qh4+ 6.g3 Qh5 7.Nh3 f5 8.Nf4 Qf7 
9.d5 fxe4 10.fxe4 e5 11.Ng2 Nf6 12.Bd3 Bxc3+ 13.bxc3 d6 14.c5 bxc5 15.O-O 
O-O 16.g4 Qe8 17.Rb1 Bc8 18.h3 Nbd7 19.Bg5 Qg6 20.Be3 Nb6 21.Nh4 Qe8 22.
Nf5 Bxf5 23.Rxf5 Qa4 24.Qxa4 Nxa4 25.g5 Nh5 26.Rb7 Nxc3 27.Rxc7 Ng3 28.
Rxf8+ Rxf8 29.Kg2 Nh5 30.Rd7 Nd1 31.Bc1 Rf2+ 32.Kg1 Nf4 0-1

[Event "33rd Capablanca Memorial"]
[Site "Havana CUB"]
[Date "1998.05.20"]
[Round "10"]
[White "Morovic Fernandez, Ivan"]
[Black "Agdestein, Simen"]
[Result "1/2-1/2"]
[WhiteElo "2600"]
[BlackElo "2570"]
[EventDate "1998.05.07"]
[PlyCount "136"]

1.d4 Nf6 2.c4 e6 3.Nf3 b6 4.g3 Ba6 5.Nbd2 Bb4 6.Qc2 Bb7 7.Bg2 Be4 8.Qb3 
Bxd2+ 9.Bxd2 h6 10.O-O O-O 11.Rac1 d6 12.Rfd1 Nbd7 13.Qa3 a5 14.Bh3 Qe7 
15.Ne5 Rae8 16.Nxd7 Nxd7 17.Be3 f5 18.f3 Bb7 19.c5 Nf6 20.Bd2 g5 21.Bg2 
Kg7 22.b4 Nd5 23.bxa5 f4 24.axb6 Ra8 25.Qb2 cxb6 26.Bb4 Nxb4 27.Qxb4 bxc5 
28.dxc5 d5 29.Qb2+ Kg8 30.c6 Bc8 31.Rd2 Qa7+ 32.Kf1 Qc7 33.Qc2 Rf6 34.Qc3 
Rf7 35.g4 Ba6 36.Qc2 Kg7 37.Rb1 Rc8 38.Qc3+ Kg8 39.Qc2 Rg7 40.Qc3 Qxc6 41.
Qf6 Kh7 42.Rdb2 Qd6 43.h4 d4 44.Rb6 Rc1+ 45.Rxc1 Qxb6 46.Qe5 d3 47.Qe4+ 
Kh8 48.exd3 Rd7 49.Qe5+ Kg8 50.Qc5 Qxc5 51.Rxc5 gxh4 52.Kf2 Rxd3 53.Rc6 h3
54.Rxa6 Rd2+ 55.Kf1 Rd1+ 56.Kf2 Rd2+ 57.Kf1 hxg2+ 58.Kg1 Re2 59.a4 Kf7 60.
a5 e5 61.Rb6 Ke7 62.Rb4 Ra2 63.a6 Rxa6 64.Kxg2 Kd6 65.Rb8 Kc5 66.Kf2 Ra4 
67.Ke1 Kd4 68.Rd8+ Ke3 1/2-1/2

[Event "33rd Capablanca Memorial"]
[Site "Havana CUB"]
[Date "1998.05.20"]
[Round "10"]
[White "Nogueiras Santiago, Jesus"]
[Black "Zilberman, Yaacov"]
[Result "1/2-1/2"]
[WhiteElo "2520"]
[BlackElo "2555"]
[EventDate "1998.05.07"]
[PlyCount "65"]

1.Nf3 Nf6 2.c4 e6 3.Nc3 d5 4.d4 c5 5.cxd5 Nxd5 6.e4 Nxc3 7.bxc3 cxd4 8.
cxd4 Bb4+ 9.Bd2 Bxd2+ 10.Qxd2 O-O 11.Rd1 b6 12.h4 Bb7 13.Bd3 Nc6 14.Bb1 
Qe7 15.O-O Rfd8 16.Rfe1 Na5 17.d5 Nc4 18.Qd4 Rac8 19.Rc1 e5 20.Qc3 f6 21.
Bd3 Nd6 22.Qa3 Rxc1 23.Rxc1 Rc8 24.Nd2 Rxc1+ 25.Qxc1 Kf7 26.Qa3 Bc8 27.Qc3
Bd7 28.g3 Be8 29.Kg2 Kf8 30.Qc2 Bd7 31.Nc4 Nxc4 32.Qxc4 Qc5 33.Qxc5+ 
1/2-1/2

[Event "33rd Capablanca Memorial"]
[Site "Havana CUB"]
[Date "1998.05.22"]
[Round "11"]
[White "Vera Gonzalez, Reynaldo"]
[Black "Borges Matos, Juan"]
[Result "1-0"]
[WhiteElo "2535"]
[BlackElo "2480"]
[EventDate "1998.05.07"]
[PlyCount "111"]

1.d4 d5 2.c4 c6 3.Nc3 Nf6 4.cxd5 cxd5 5.Bf4 Nc6 6.e3 a6 7.Bd3 Bg4 8.Nge2 
e6 9.O-O Bd6 10.f3 Bh5 11.Rc1 Bg6 12.Bxd6 Qxd6 13.Nf4 O-O 14.Nxg6 hxg6 15.
f4 Rfc8 16.g4 b5 17.g5 Nd7 18.h4 Kf8 19.Kg2 Ke7 20.a4 bxa4 21.Nxa4 Qb4 22.
Rf2 Nd8 23.Nc3 Nb7 24.e4 dxe4 25.Bxe4 Rab8 26.h5 Nd6 27.Bb1 gxh5 28.Qxh5 
Qb7+ 29.d5 Nb6 30.Ba2 Nf5 31.Qe2 Rh8 32.Re1 Rbd8 33.Qe5 Nh4+ 34.Kg1 Kf8 
35.dxe6 Ng6 36.Qc5+ Ne7 37.Rh2 Rxh2 38.Kxh2 Rd2+ 39.Re2 Rxe2+ 40.Nxe2 Na4 
41.Qd6 Qb6 42.Qxb6 Nxb6 43.exf7 g6 44.Nd4 Nbd5 45.Bxd5 Nxd5 46.Kg3 Kxf7 
47.Kf3 Nb4 48.Ke4 a5 49.Nb3 Nc6 50.Nc5 Ke7 51.Nd3 Ke6 52.Ne5 Ne7 53.Nxg6 
Nxg6 54.f5+ Kf7 55.fxg6+ Kxg6 56.Kd5 1-0